000 00470nam a22001577a 4500
005 20221109125615.0
008 180626b1978 mx ||||| |||| 00| 0 spa d
050 0 4 _aKGF5924
_bG37 1978
100 1 _aGarcía Ramírez, Sergio
_eautor
245 1 0 _aLegislación penitenciaria y correccional comentada
_c/
250 _a1a ed.
260 _aMéxico :
_bSojiva,
_c1978
300 _a358 p. :
_c23 cm.
650 7 _2lemb
_aPrisiones
_xLegislación
_zMéxico
942 _2lcc
_cLIB
999 _c142166
_d142164